• 首页
  • 本馆介绍
  • 公告通知
  • 最新文献
  • 馆藏检索
  • 电子资源
  • 读者导购
  • 参考咨询
  • 我的图书馆
  • 登录
  • 详细信息显示
  • 放入我的书架
  • 预约/预借图书
  • 作者相关作品
  • 分类相关作品
  • 丛书相关作品
  • 出版社相关作品

书目信息

  • 表格格式
  • 工作单格式
  • 卡片格式
题名:
最新PXE、RPL无盘站和终端技术精解
    
 
作者: 闵军 , 孟林 编著
分册:  
出版信息: 北京   清华大学出版社  2003.01
页数: 412页
开本: 26cm
丛书名:
单 册:
中图分类: TP393.1
科图分类:
主题词: 计算机应用
电子资源:
ISBN: 7-302-06212-9
000 00640nam0 2200205 450
001 0436490444
005 20040223100809.91
010    @a7-302-06212-9@dCNY38.00
100    @a20040223d2003 km y0chiy0120 ea
101 0  @achi
102    @aCN@b110000
200 1  @a最新PXE、RPL无盘站和终端技术精解@Azui xin PXE、RPL wu pan zhan he zhong duan ji shu jing jie@f闵军,孟林编著@Fmin jun,meng lin bian zhu
210    @a北京@c清华大学出版社@d2003.01
215    @a412页@d26cm
606 0  @a计算机应用
690    @aTP393.1@v4
701  0 @a闵军@Amin jun@4编著
701  0 @a孟林@Ameng lin@4编著
801  0 @aCN@bPFT@c20040223
905    @aBZT@dTP393.1@e1@f5
    
    最新PXE、RPL无盘站和终端技术精解/闵军,孟林编著.-北京:清华大学出版社,2003.01
    412页;26cm
    
    
    ISBN 7-302-06212-9:CNY38.00
    
●
相关链接 在五车中查询图书 在当当中查询图书 在豆瓣中查询图书


正题名:最新PXE、RPL无盘站和终端技术精解     索取号:TP393.1/1         预约/预借

序号 登录号 条形码 馆藏地/架位号 状态 备注
1 0357181   230076119   中心书库中库/ 中库026架A面1列7层2/ [索取号:TP393.1/1] 在馆    
2 0357182   230076118   中心书库中库/ 中库026架A面1列7层1/ [索取号:TP393.1/1] 在馆    
3 0357183   230076116   中心书库中库/ 中库026架A面1列7层12/ [索取号:TP393.1/1] 在馆    
4 0357184   230076117   中心书库中库/ 中库026架A面1列7层11/ [索取号:TP393.1/1] 在馆    
5 2001061909   2001061909   样本书库/样008架B面1层1列/ [索取号:TP393.1/1] 在馆    
山东省滨州职业学院图书馆 欢迎您!
大连网信软件有限公司© 版权所有